Títulos de la Hacienda de S. Phelipe, perteneciente a Dn Joseph de Cartefons (Record no. 10919)

MARC details
000 -CABECERA
campo de control de longitud fija 01153nam a22002537a 4500
001 - NÚMERO DE CONTROL
campo de control BRCA_9297
003 - IDENTIFICADOR DEL NÚMERO DE CONTROL
campo de control FranzMayer
005 - FECHA Y HORA DE LA ÚLTIMA TRANSACCIÓN
campo de control 20230726124212.0
008 - DATOS DE LONGITUD FIJA--INFORMACIÓN GENERAL
campo de control de longitud fija 230726b |||||||| |||| 00| 0 eng d
040 ## - FUENTE DE LA CATALOGACIÓN
Centro catalogador/agencia de origen MFM
Lengua de catalogación esp
Centro/agencia transcriptor MFM
050 #4 - SIGNATURA TOPOGRÁFICA DE LA BIBLIOTECA DEL CONGRESO
Número de clasificación LM42
Número de documento/Ítem B37 1725
082 ## - NÚMERO DE LA CLASIFICACIÓN DECIMAL DEWEY
Número de edición CR3499
100 1# - ENTRADA PRINCIPAL--NOMBRE DE PERSONA
Código de función/relación Autor
Nombre de persona Bap. Nivarri, Juan
9 (RLIN) 28975
240 1# - TÍTULO UNIFORME
Título uniforme Titulos de la Hacienda de S Phelipe, perteneciente a Dn Joseph de Cartefons
Medio J el 20 de marzo de 1725 en Juan Bap. Nibarri
Lenguaje de la obra Español
245 0# - MENCIÓN DE TÍTULO
Título Títulos de la Hacienda de S. Phelipe, perteneciente a Dn Joseph de Cartefons
Resto del título J el 20 de marzo de 1725 en Juan Bap. Nibarri
260 ## - PUBLICACIÓN, DISTRIBUCIÓN, ETC.
Fecha de publicación, distribución, etc. 1725
300 ## - DESCRIPCIÓN FÍSICA
Extensión 814 p
Dimensiones 31 cm
500 ## - NOTA GENERAL
Nota general El libro tiene algunos daños en varias hojas que fueron reparados.
500 ## - NOTA GENERAL
Nota general El libro es un comprendido de varios documentos, por lo que algunas hojas se encuentran desprendidas.
505 0# - NOTA DE CONTENIDO CON FORMATO
Nota de contenido con formato Texto en: españolDirigido a: historiadores, antropólogos personas que busquen a familiares "arboles familiares"
650 1# - PUNTO DE ACCESO ADICIONAL DE MATERIA--TÉRMINO DE MATERIA
Fuente del encabezamiento o término Realeza
Término de materia o nombre geográfico como elemento de entrada Herencias
Subdivisión de forma Provincias
9 (RLIN) 28976
651 2# - PUNTO DE ACCESO ADICIONAL DE MATERIA--NOMBRE GEOGRÁFICO
Fuente del encabezamiento o término Títulos de honor
Nombre geográfico Títulos nobiliarios
Subdivisión de forma Felipe de Castilla
9 (RLIN) 28977
942 ## - ELEMENTOS DE PUNTO DE ACCESO ADICIONAL (KOHA)
Fuente del sistema de clasificación o colocación Library of Congress Classification
Tipo de ítem Koha Libros
Holdings
Estado de retiro Estado de pérdida Fuente del sistema de clasificación o colocación Estado dañado No para préstamo Código de colección Localización permanente Ubicación/localización actual Fecha de adquisición Fuente de adquisición Total de préstamos Signatura topográfica completa Código de barras Fecha visto por última vez Precio válido a partir de Tipo de ítem Koha
El ejemplar forma parte de la colección y puede ser consultado según las políticas vigentes.   Library of Congress Classification     Conventual Franz Mayer Biblioteca del Museo Franz Mayer (Rogerio Casas-Alatriste) Biblioteca del Museo Franz Mayer (Rogerio Casas-Alatriste) 26/07/2023 Donación   LM42 B37 1725 CFM00533 26/07/2023 26/07/2023 Libros